Linia 674 Os.1000-lecia Pętla-Os.1000-lecia Pętla linia Okrężna - Statystyki

Ogólne statystyki
  • Ten quiz został rozwiązany 29 razy
  • Średni wynik to 37 z 56
Statystyki odpowiedzi
Hint Odpowiedź % Poprawnych
33 Giszowiec Kościół
100%
27 Giszowiec Mysłowicka
90%
35 Giszowiec Mysłowicka
90%
32 Giszowiec Radosna
90%
31 Giszowiec Przyjazna
80%
30 Giszowiec Przyjemna
80%
23 Nikiszowiec Szpital
80%
39 Nikiszowiec Szpital
80%
8 Dąb Huta Baildon
70%
50 Dąb Huta Baildon
70%
7 Dąb Kościół
70%
51 Dąb Kościół
70%
28 Giszowiec Kosmiczna
70%
29 Giszowiec Szyb Roździeński
70%
9 Katowice Chorzowska
70%
13 Katowice Dworzec
70%
47 Katowice Dworzec
70%
46 Katowice Francuska
70%
14 Katowice Jagiellońska
70%
11 Katowice Plac Wolności
70%
48 Katowice Plac Wolności
70%
12 Katowice Sądowa
70%
10 Katowice Sokolska
70%
49 Katowice Sokolska
70%
16 Osiedle Paderewskiego Biblioteka Śląska
70%
45 Osiedle Paderewskiego Biblioteka Śląska
70%
1 Osiedle Tysiąclecia Pętla
70%
56 Osiedle Tysiąclecia Pętla
70%
20 Katowice Cmentarz Komunalny
60%
42 Katowice Cmentarz Komunalny
60%
15 Katowice Powstańców Przychodnie
60%
21 Kolonia Amandy
60%
41 Kolonia Amandy
60%
26 Kolonia Wysockiego Woźniaków
60%
36 Kolonia Wysockiego Woźniaków
60%
24 Nikiszowiec Szyb Pułaski
60%
38 Nikiszowiec Szyb Pułaski
60%
22 Nowy Nikiszowiec
60%
40 Nowy Nikiszowiec
60%
17 Osiedle Paderewskiego Graniczna
60%
44 Osiedle Paderewskiego Graniczna
60%
18 Osiedle Paderewskiego Pomnik
60%
19 Osiedle Paderewskiego Trzy Stawy
60%
55 Osiedle Tysiąclecia Oczyszczalnia
60%
3 Osiedle Tysiąclecia Ośrodek Rehabilitacji
60%
4 Osiedle Tysiąclecia Pawilon
60%
5 Osiedle Tysiąclecia Zawiszy Czarnego
60%
53 Osiedle Tysiąclecia Zawiszy Czarnego
60%
6 Osiedle Tysiąclecia Zoo
60%
52 Osiedle Tysiąclecia Zoo
60%
43 Katowice Porcelanowa
50%
25 Kolonia Wysockiego Kulika
50%
37 Kolonia Wysockiego Kulika
50%
54 Osiedle Tysiąclecia Chrobrego
50%
2 Osiedle Tysiąclecia Ułańska
50%
34 Giszowiec Mysłowicka Tymczasowy
10%
Nie znaleziono quizów pasujących do podanych kryteriów
Rozkład punktacji
Procent ludzi z każdym wynikiem
Percentyl według liczby udzielonych odpowiedzi
Twoja historia wyników
Nie rozwiązałeś tego quizu